000 00272nam a22001217a 4500
008 171123b xxu||||| |||| 00| 0 eng d
041 _aeng
080 _a616-002.77
100 _a7
101 _aREU
245 _aBIOPHYSICAL RESEARCH METHODS
_cUBER,F,M
942 _2udc
_cBK
999 _c38373
_d38373